معارك الجيش المصرى القديم / (Record no. 63369)
[ view plain ]
| 000 -الفاتح | |
|---|---|
| حقل البيانات ثابتة الطول | 01178nam a22002417a 4500 |
| 005 - وقت وتاريخ اخر تعامل مع التسجيلة | |
| رقم الضبط | 20240530110637.0 |
| 008 - عناصر البيانات ثابتة الطول - معلومات عامة | |
| حقل البيانات ثابتة الطول | 170925b ua ao f 000 0 ara d |
| 017 ## - رقم الايداع القانونى | |
| المصدر ( الهيئة المختصة) | مصر. دار الكتب |
| 040 ## - مصدر الفهرسة | |
| وكالة الفهرسة الأصلية | EG-CaGPL |
| وكالة النسخ | EG-CaGPL |
| 082 04 - رقم تصنيف ديوى العشرى | |
| رقم الطبعة | 21 |
| رقم التصنيف | 355.033032 |
| رقم المادة | ق/و م |
| 110 1# - المدخل الرئيسى - إسم هيئة | |
| اسم الهيئة أو اسم السلطة كمدخل | وزارة الدفاع |
| 245 10 - بيان العنوان | |
| العنوان | معارك الجيش المصرى القديم / |
| بيان المسئوليه,etc | وزارة الدفاع . |
| 250 ## - بيان الطبعة | |
| بيان الطبعة | ط.1 |
| 300 ## - الوصف المادى | |
| التعداد | 5 ج |
| تفاصيل ماديه اخرى للوعاء | صور لو ؛ |
| أبعاد الوعاء | 20 سم . |
| 650 07 - المدخل الاضافى بالموضوع-مصطلح موضوعى | |
| مصدر الرأس أو المصطلح | qrmak |
| مصطلح موضوعي | الجيش المصرى القديم . |
| 650 07 - المدخل الاضافى بالموضوع-مصطلح موضوعى | |
| مصدر الرأس أو المصطلح | qrmak |
| مصطلح موضوعي | معركة قادش . |
| 650 07 - المدخل الاضافى بالموضوع-مصطلح موضوعى | |
| مصدر الرأس أو المصطلح | qrmak |
| مصطلح موضوعي | معركة مجدو . |
| 651 07 - المدخل الاضافى بالموضوع - اسم جغرافى | |
| مصدر الرأس أو المصطلح | qrmak |
| الاسم الجغرافي | مصر القديمة |
| التقسيم الفرعي العام | معارك . |
| 942 ## - عناصر المدخل الإضافي( كوها) | |
| مصدر التصنيف او مخطط الترفيف | Dewey Decimal Classification |
| Koha [default] item type | كتاب |
| 260 ## - PUBLICATION, DISTRIBUTION, ETC. (IMPRINT) | |
| -- | القاهرة : |
| 505 00 - تبصرة محتويات-الفهرس | |
| تبصرة المحتويات المصاغة | الجزء الاول : معارك توحيد مصر - معركة الدولة الوسطى -- الجزء الثانى : معارك الدولة الحديثة ( معركة مجدو ) -- الجزء الثالث : معركة قادش -- الجزء الرابع معركة الاسرة العشرين الملك رمسيس الثالث -- الجزء الخامس معركة العصر البطلمى . |
| حالة التراجع | حالة الفقد | حالة تلف | ليس للاعارة | المكان المؤقت | الموقع الحالى | موقع الترفيف | تاريخ الاكتساب | اجمالي اﻻعارات | رقم الطلب | الباركود | تاريخ اخر مشاهدة | تاريخ تفعيل السعر | نوع وعاء كوها |
|---|---|---|---|---|---|---|---|---|---|---|---|---|---|
| مكتبة القاهرة الكبرى | مكتبة القاهرة الكبرى | 09/25/2017 | 355.033032 ق/و م | 163358 | 09/25/2017 | 09/25/2017 | كتاب | ||||||
| مكتبة القاهرة الكبرى | مكتبة القاهرة الكبرى | 09/25/2017 | 355.033032 ق/و م | 163359 | 09/25/2017 | 09/25/2017 | كتاب | ||||||
| مكتبة القاهرة الكبرى | مكتبة القاهرة الكبرى | 09/25/2017 | 355.033032 ق/و م | 163360 | 09/25/2017 | 09/25/2017 | كتاب | ||||||
| مكتبة القاهرة الكبرى | مكتبة القاهرة الكبرى | 09/25/2017 | 355.033032 ق/و م | 163361 | 09/25/2017 | 09/25/2017 | كتاب | ||||||
| مكتبة القاهرة الكبرى | مكتبة القاهرة الكبرى | 09/25/2017 | 355.033032 ق/و م | 163362 | 09/25/2017 | 09/25/2017 | كتاب |

